| 000 | 00425nam a22001697a 4500 | ||
|---|---|---|---|
| 003 | MACL | ||
| 005 | 20151223154336.0 | ||
| 008 | 151223b xxu||||| |||| 00| 0 eng d | ||
| 040 | _cMACL | ||
| 041 | _aEnglish | ||
| 082 | _a333/MAD | ||
| 100 |
_aMadhavan K.N. _922503 |
||
| 245 | _aEnvironment Law Pollution & Management | ||
| 260 |
_aNew Delhi _bA.K. Publications _c2009 |
||
| 650 |
_aEnvironment _922504 |
||
| 942 |
_2ddc _cBK |
||
| 999 |
_c51721 _d51721 |
||